000 00693nam a2200253Ia 4500
008 170203s9999 xx 000 0 und d
020 _a0 785346244
050 _a0 30
050 _bP574 2002
245 _aPhonics Fun :
245 _bmy first interactive storybook /
260 _aLincolnwood, Ill. :
260 _bPublications International
260 _c2002
300 _a1 volume (unpaged) :
300 _bcolor illustrations ;
300 _c31 cm.
300 _e1 computer optical disc.
440 _aActive minds.
650 _aEnglish language -- Phonetics.
650 _aPhonetics --
650 _aReading (Primary)
650 _xStudy and teaching (Primary)
999 _c305568
_d305568